The Land Registration (Proper Office) Order 2008 (Record no. 109089)

MARC details
000 -LEADER
fixed length control field 01642cad a22002895a 4500
001 - CONTROL NUMBER
control field L146272
008 - FIXED-LENGTH DATA ELEMENTS--GENERAL INFORMATION
fixed length control field 090105e20081216xxk f l 000 0 eng d
035 ## - SYSTEM CONTROL NUMBER
System control number (Sirsi) u146272
041 0# - LANGUAGE CODE
Language code of text/sound track or separate title eng
050 04 - LIBRARY OF CONGRESS CALL NUMBER
Classification number 346.41043 $2 18
110 2# - MAIN ENTRY--CORPORATE NAME
Corporate name or jurisdiction name as entry element United Kingdom
Form subheading Laws, etc.
9 (RLIN) 5044
245 04 - TITLE STATEMENT
Title The Land Registration (Proper Office) Order 2008
Medium [electronic resource]
260 ## - PUBLICATION, DISTRIBUTION, ETC.
Place of publication, distribution, etc. London
Name of publisher, distributor, etc. OPSI
Date of publication, distribution, etc. 2008
490 #0 - SERIES STATEMENT
Series statement SI
Volume/sequential designation 2008: 3201
520 ## - SUMMARY, ETC.
Summary, etc. This Order applies to any application made to the registrar except an application delivered to the registrar in accordance with a written arrangement as to delivery made between the registrar and the applicant or between the registrar and the applicant's conveyancer, or written arrangement as to delivery made between the registrar and the applicant or between the registrar and the applicant's conveyancer, or under the provisions of any relevant notice given under Schedule 2 to the Land Registration Rules 2003. The Order also revokes several other Orders from 2007 and 2008.
520 ## - SUMMARY, ETC.
Summary, etc. Comes into force 1 April 2009.
521 ## - TARGET AUDIENCE NOTE
Target audience note Advanced
590 ## - LOCAL NOTE (RLIN)
Local note KA
650 24 - SUBJECT ADDED ENTRY--TOPICAL TERM
Topical term or geographic name entry element LAND REGISTRATION (PROPER OFFICE) ORDER 2008
650 24 - SUBJECT ADDED ENTRY--TOPICAL TERM
Topical term or geographic name entry element LAND REGISTRATION (PROPER OFFICE) ORDER 2007
650 24 - SUBJECT ADDED ENTRY--TOPICAL TERM
Topical term or geographic name entry element LAND REGISTRATION (PROPER OFFICE) (AMENDMENT) ORDER 2008
650 24 - SUBJECT ADDED ENTRY--TOPICAL TERM
Topical term or geographic name entry element LAND REGISTRATION RULES 2003
651 #4 - SUBJECT ADDED ENTRY--GEOGRAPHIC NAME
Geographic name England and Wales
Chronological subdivision 1543-
690 ## - LOCAL SUBJECT ADDED ENTRY--TOPICAL TERM (OCLC, RLIN)
Topical term or geographic name as entry element PROPERTY-PROPERTY ACQUISITION AND DISPOSAL-REGISTRATION OF TITLE TO PROPERTY-LAND REGISTRATION
856 40 - ELECTRONIC LOCATION AND ACCESS
Uniform Resource Identifier <a href="https://www.opsi.gov.uk/si/si2008/uksi_20083201_en_1">https://www.opsi.gov.uk/si/si2008/uksi_20083201_en_1</a>
Public note View the item free of charge online at www.opsi.gov.uk...
942 ## - ADDED ENTRY ELEMENTS (KOHA)
Suppress in OPAC 0
Holdings
Withdrawn status Lost status Source of classification or shelving scheme Damaged status Not for loan Home library Current library Shelving location Date acquired Total Checkouts Full call number Barcode Date last seen Copy number Price effective from Koha item type
    Dewey Decimal Classification     Virtual Virtual Online 05/01/2009   ONLINE PUBLICATION 146272-1001 06/08/2019 1 06/08/2019 Book